000 00915nam2a22002411 4500
001 RU\NLR\INFOCOMM34\5000001740
005 20250616235953.0
035 _a(NLR Aleph) 002297255
090 _a4191449
_c4191449
100 _a20060208d2002 |||y0rusy50 ca
101 0 _arus
102 _aRU
105 _ay ||||000|y
200 0 _aВып.4
210 _d2002
_aБ. м.
461 0 _1001RU\NLR\INFOCOMM34\5000001739
_12001#$aСоловьевские исследования$eПериод. сб. науч. тр.$fИван. гос. энерг. ун-т$vВып.4
_94116099
_cИваново
_d2002-
_fИван. гос. энерг. ун-т
_nИГЭУ
_oПериод. сб. науч. тр.
_tСоловьевские исследования
_x2076-9210
_vВып.4
801 1 _aRU
_bInfoComm
_c20060208
801 0 _aRU
_bNLR
_gPSBO
852 _aNLR
_jП25/477
942 _cISSUE
980 _aNB
980 _aRUSPER